My Dog Spot / (Record no. 49128)
| 000 -LEADER | |
|---|---|
| fixed length control field | 00368nam a22001217a 4500 |
| 008 - FIXED-LENGTH DATA ELEMENTS--GENERAL INFORMATION | |
| fixed length control field | 250806b |||||||| |||| 00| 0 eng d |
| 020 ## - INTERNATIONAL STANDARD BOOK NUMBER | |
| International Standard Book Number | 9781481469074 |
| 100 ## - MAIN ENTRY--PERSONAL NAME | |
| Personal name | Jack E. Levin |
| 9 (RLIN) | 86472 |
| 245 ## - TITLE STATEMENT | |
| Title | My Dog Spot / |
| 260 ## - PUBLICATION, DISTRIBUTION, ETC. (IMPRINT) | |
| Place of publication, distribution, etc | New York, London, Toronto, Sydney and New Delhi |
| Name of publisher, distributor, etc | Aladdin |
| Date of publication, distribution, etc | 2016 |
| 300 ## - PHYSICAL DESCRIPTION | |
| Extent | 40 pages |
| Other physical details | col. ill. |
| Dimensions | 11 x 0.4 x 8 inches |
| 942 ## - ADDED ENTRY ELEMENTS (KOHA) | |
| Source of classification or shelving scheme | |
| Koha item type | Book |
| Withdrawn status | Lost status | Source of classification or shelving scheme | Damaged status | Not for loan | Collection code | Home library | Current library | Shelving location | Date acquired | Full call number | Barcode | Date last seen | Price effective from | Koha item type |
|---|---|---|---|---|---|---|---|---|---|---|---|---|---|---|
| Siem Riep | Asian Hope Siem Reap | Asian Hope Siem Reap | Easy Reading | 08/06/2025 | E LEV | 209060 | 08/06/2025 | 08/06/2025 | Book |